000
00226nmm a2200085Ia 4500
008
220120s9999||||xx |||||||||||||||||und||
100
_a
Hayt, William, H
245
0
_a
Engineering electromagnetics
260
_a
Tat mcgraw hill
_c
2010
999
_c
139525
_d
139525